Leisure migration : a sociological study on tourism
Αποθηκεύτηκε σε:
| Κύριος συγγραφέας: | |
|---|---|
| Μορφή: | Βιβλίο |
| Γλώσσα: | English |
| Δημοσίευση: |
Oxford :
Pergamon,
c1996
|
| Σειρά: | Tourism social science series
|
| Θέματα: | |
| Ετικέτες: |
Προσθήκη ετικέτας
Δεν υπάρχουν, Καταχωρήστε ετικέτα πρώτοι!
|
MARC
| LEADER | 00000nam a2200000 i 4500 | ||
|---|---|---|---|
| 001 | 1/69421 | ||
| 008 | 981102s1996 eng d | ||
| 020 | |a 0-08-042560-7 | ||
| 035 | |l 10030373 | ||
| 040 | |a GR-MY-UA |b gre |e aacr | ||
| 041 | 0 | |a eng | |
| 082 | 0 | |a 338.4791 | |
| 100 | 1 | |a Borocz, Jozsef. | |
| 245 | 1 | 0 | |a Leisure migration : |b a sociological study on tourism / |c Jozsef Borocz |
| 260 | |a Oxford : |b Pergamon, |c c1996 | ||
| 300 | |a 230 p. | ||
| 490 | 1 | |a Tourism social science series | |
| 504 | |a Includes bibliographical references (p. 203-220) and indexes | ||
| 650 | 0 | 0 | |a Tourism. |
| 830 | 0 | |a Tourism social science series | |
| 852 | |a INST |b LESVOS |e 19981102 |h 338.4791 BOR |p 005100018334 |q 005100018334 |t BK |y 0 | ||
| 901 | |a BIBL-1999-1 | ||
| 909 | |a Λ |b 060022 | ||
| 922 | |a 1ΕΛΗ |b 199810 |c ΚΠΣ/ΤΓ |d ΠΑΠΑΣΩΤΗΡΙΟΥ | ||
| 950 | |a 118-1998-07-21 | ||